[Event "World Chess Olympiad 2018"]
[Site "Batumi"]
[Date "2018.09.27"]
[Round "4"]
[Board "3"]
[WhiteFideId "1226380"]
[White "Deac Bogdan-Daniel"]
[BlackFideId "7600437"]
[Black "Issa Rafat"]
[Result "1-0"]
[LiveChessVersion "1.4.8"]
[BlackElo "2388"]
[WhiteElo "2594"]

1. e4 {[%clk 1:30:58]} d6 {[%clk 1:30:41]} 2. d4 {[%clk 1:31:20]} Nf6
{[%clk 1:31:05]} 3. Nc3 {[%clk 1:31:47]} g6 {[%clk 1:31:24]} 4. f4
{[%clk 1:31:57]} Bg7 {[%clk 1:31:45]} 5. Bd3 {[%clk 1:32:13]} O-O
{[%clk 1:31:34]} 6. Nf3 {[%clk 1:32:41]} c5 {[%clk 1:31:01]} 7. dxc5
{[%clk 1:31:27]} dxc5 {[%clk 1:31:18]} 8. e5 {[%clk 1:29:35]} Nd5
{[%clk 1:29:16]} 9. Nxd5 {[%clk 1:28:46]} Qxd5 {[%clk 1:29:38]} 10. Qe2
{[%clk 1:29:13]} Nc6 {[%clk 1:23:38]} 11. Be4 {[%clk 1:27:34]} Qd7
{[%clk 1:22:07]} 12. Be3 {[%clk 1:25:31]} b6 {[%clk 1:21:49]} 13. Rd1
{[%clk 1:16:44]} Qc7 {[%clk 1:21:50]} 14. O-O {[%clk 1:17:06]} Bb7
{[%clk 1:18:27]} 15. c3 {[%clk 1:17:28]} Rad8 {[%clk 1:17:57]} 16. Rde1
{[%clk 1:17:13]} Qc8 {[%clk 1:13:41]} 17. Qc2 {[%clk 1:16:39]} Ba6
{[%clk 1:09:59]} 18. Rf2 {[%clk 1:16:15]} e6 {[%clk 1:09:38]} 19. Qa4
{[%clk 1:03:59]} Ne7 {[%clk 1:05:58]} 20. Bc1 {[%clk 1:02:54]} Rd7
{[%clk 1:00:23]} 21. Rd2 {[%clk 0:49:59]} Rxd2 {[%clk 0:54:11]} 22. Nxd2
{[%clk 0:50:02]} Nf5 {[%clk 0:47:46]} 23. Qc6 {[%clk 0:31:26]} Rd8
{[%clk 0:44:32]} 24. Qxc8 {[%clk 0:31:24]} Bxc8 {[%clk 0:44:45]} 25. Kf2
{[%clk 0:28:57]} h5 {[%clk 0:36:27]} 26. a4 {[%clk 0:26:58]} Bf8 {[%clk 0:34:47]}
27. Nc4 {[%clk 0:26:51]} Ba6 {[%clk 0:34:12]} 28. Na3 {[%clk 0:27:13]} c4
{[%clk 0:31:21]} 29. Nb5 {[%clk 0:27:36]} Bc5+ {[%clk 0:31:40]} 30. Ke2
{[%clk 0:27:57]} Rd7 {[%clk 0:31:04]} 31. Bc6 {[%clk 0:27:28]} Rd8
{[%clk 0:12:02]} 32. Nxa7 {[%clk 0:24:03]} Ne7 {[%clk 0:11:51]} 33. Bf3
{[%clk 0:21:48]} Nd5 {[%clk 0:10:33]} 34. Nb5 {[%clk 0:20:40]} Bb7
{[%clk 0:05:23]} 35. Nc7 {[%clk 0:14:43]} Bc6 {[%clk 0:03:52]} 36. Nxd5
{[%clk 0:15:12]} exd5 {[%clk 0:02:26]} 37. Rd1 {[%clk 0:15:41]} Ra8
{[%clk 0:00:50]} 38. Bxd5 {[%clk 0:15:52]} Bxd5 {[%clk 0:01:19]} 39. Rxd5
{[%clk 0:16:21]} Rxa4 {[%clk 0:01:36]} 40. Be3 {[%clk 0:45:49]} Ra2
{[%clk 0:31:35]} 41. Bxc5 {[%clk 0:45:24]} bxc5 {[%clk 0:31:04]} 42. Rxc5
{[%clk 0:45:41]} Rxb2+ {[%clk 0:31:27]} 43. Kf3 {[%clk 0:46:06]} h4
{[%clk 0:30:50]} 44. Rxc4 {[%clk 0:45:21]} h3 {[%clk 0:27:21]} 45. gxh3
{[%clk 0:45:41]} Rxh2 {[%clk 0:27:44]} 46. Kg3 {[%clk 0:46:07]} Rd2
{[%clk 0:27:58]} 47. Rc7 {[%clk 0:45:58]} Rd3+ {[%clk 0:27:21]} 48. Kg4
{[%clk 0:46:17]} Rd1 {[%clk 0:27:37]} 49. Kg5 {[%clk 0:42:39]} Kg7
{[%clk 0:27:08]} 50. e6 {[%clk 0:42:58]} Rg1+ {[%clk 0:27:34]} 51. Kh4
{[%clk 0:43:27]} 1-0

[Event "World Chess Olympiad 2018"]
[Site "Batumi"]
[Date "2018.09.27"]
[Round "4"]
[Board "4"]
[WhiteFideId "8100500"]
[White "Khader Sami"]
[BlackFideId "1203975"]
[Black "Vajda Levente"]
[Result "0-1"]
[LiveChessVersion "1.4.8"]
[BlackElo "2551"]
[WhiteElo "2405"]

1. e4 {[%clk 1:30:54]} e5 {[%clk 1:30:52]} 2. d4 {[%clk 1:31:14]} exd4
{[%clk 1:30:06]} 3. c3 {[%clk 1:31:38]} d5 {[%clk 1:27:40]} 4. exd5
{[%clk 1:32:01]} Qxd5 {[%clk 1:26:18]} 5. cxd4 {[%clk 1:32:26]} Nf6
{[%clk 1:23:05]} 6. Nf3 {[%clk 1:31:33]} Bb4+ {[%clk 1:22:45]} 7. Nc3
{[%clk 1:30:46]} O-O {[%clk 1:23:06]} 8. Be3 {[%clk 1:20:58]} Qa5
{[%clk 1:21:04]} 9. Be2 {[%clk 1:16:31]} Nd5 {[%clk 1:14:29]} 10. Rc1
{[%clk 1:11:08]} Nxc3 {[%clk 1:01:06]} 11. bxc3 {[%clk 1:11:31]} Bxc3+
{[%clk 1:01:33]} 12. Kf1 {[%clk 1:11:45]} Nd7 {[%clk 1:01:49]} 13. Qc2
{[%clk 1:08:32]} Bb4 {[%clk 1:02:09]} 14. Bd3 {[%clk 1:05:40]} Nf6
{[%clk 0:57:50]} 15. Bg5 {[%clk 1:04:01]} Be6 {[%clk 0:54:58]} 16. Bxf6
{[%clk 0:58:08]} gxf6 {[%clk 0:55:22]} 17. Bxh7+ {[%clk 0:55:52]} Kg7
{[%clk 0:55:37]} 18. Be4 {[%clk 0:55:10]} c6 {[%clk 0:52:43]} 19. Rb1
{[%clk 0:27:54]} Rfe8 {[%clk 0:50:53]} 20. Bd3 {[%clk 0:24:43]} Re7
{[%clk 0:48:15]} 21. h4 {[%clk 0:22:33]} Bd6 {[%clk 0:46:48]} 22. a4
{[%clk 0:22:47]} Rh8 {[%clk 0:45:30]} 23. Nd2 {[%clk 0:15:36]} Qd5
{[%clk 0:45:13]} 24. Qc3 {[%clk 0:14:52]} Bf4 {[%clk 0:45:20]} 25. Be4
{[%clk 0:03:47]} Qa2 {[%clk 0:45:35]} 26. Bc2 {[%clk 0:01:46]} Bxd2
{[%clk 0:44:55]} 27. Qxd2 {[%clk 0:02:14]} Bc4+ {[%clk 0:45:16]} 28. Kg1
{[%clk 0:01:46]} Re2 {[%clk 0:45:39]} 29. Qb4 {[%clk 0:01:06]} Qxc2
{[%clk 0:45:28]} 30. Rh3 {[%clk 0:01:28]} Bd3 {[%clk 0:43:15]} 31. Rf1
{[%clk 0:01:29]} Bf5 {[%clk 0:42:41]} 32. Rc3 {[%clk 0:01:12]} Qe4
{[%clk 0:42:27]} 33. Rg3+ {[%clk 0:01:15]} Bg6 {[%clk 0:42:28]} 34. Qxb7
{[%clk 0:01:04]} Qxh4 {[%clk 0:42:02]} 35. Rh3 {[%clk 0:01:30]} Qxd4
{[%clk 0:42:26]} 36. Rxh8 {[%clk 0:01:51]} Kxh8 {[%clk 0:42:52]} 37. Qxc6
{[%clk 0:02:02]} Ra2 {[%clk 0:42:59]} 38. a5 {[%clk 0:01:42]} Rxa5
{[%clk 0:43:15]} 39. Qf3 {[%clk 0:01:54]} Ra1 {[%clk 0:43:06]} 0-1

[Event "World Chess Olympiad 2018"]
[Site "Batumi"]
[Date "2018.09.27"]
[Round "4"]
[Board "1"]
[WhiteFideId "6302718"]
[White "Yilmaz Mustafa"]
[BlackFideId "5201322"]
[Black "Paciencia Enrique"]
[Result "1-0"]
[LiveChessVersion "1.4.8"]
[BlackElo "2335"]
[WhiteElo "2633"]

1. d4 {[%clk 1:30:57]} Nf6 {[%clk 1:30:39]} 2. c4 {[%clk 1:31:19]} e6
{[%clk 1:30:41]} 3. Nf3 {[%clk 1:31:43]} Bb4+ {[%clk 1:30:16]} 4. Bd2
{[%clk 1:31:17]} Qe7 {[%clk 1:30:03]} 5. g3 {[%clk 1:31:25]} Nc6 {[%clk 1:29:41]}
6. e3 {[%clk 1:31:42]} Ne4 {[%clk 1:25:27]} 7. a3 {[%clk 1:31:13]} Nxd2
{[%clk 1:23:43]} 8. Nfxd2 {[%clk 1:31:31]} Bxd2+ {[%clk 1:23:29]} 9. Qxd2
{[%clk 1:31:38]} b6 {[%clk 1:21:00]} 10. Bg2 {[%clk 1:31:04]} Bb7
{[%clk 1:19:51]} 11. O-O {[%clk 1:31:17]} Na5 {[%clk 1:18:34]} 12. Bxb7
{[%clk 1:24:45]} Nxb7 {[%clk 1:18:58]} 13. Nc3 {[%clk 1:24:08]} h5
{[%clk 1:11:55]} 14. b4 {[%clk 1:15:02]} h4 {[%clk 1:07:09]} 15. c5
{[%clk 1:08:48]} d6 {[%clk 0:54:03]} 16. c6 {[%clk 1:03:22]} Nd8 {[%clk 0:54:23]}
17. d5 {[%clk 1:03:34]} e5 {[%clk 0:50:24]} 18. g4 {[%clk 0:53:36]} h3
{[%clk 0:47:00]} 19. Kh1 {[%clk 0:48:29]} f6 {[%clk 0:44:05]} 20. f4
{[%clk 0:42:20]} Nf7 {[%clk 0:38:42]} 21. Rf3 {[%clk 0:41:50]} a5
{[%clk 0:36:40]} 22. Rg1 {[%clk 0:39:29]} axb4 {[%clk 0:32:22]} 23. axb4
{[%clk 0:39:54]} Qd8 {[%clk 0:32:01]} 24. g5 {[%clk 0:38:47]} fxg5
{[%clk 0:28:55]} 25. fxg5 {[%clk 0:33:34]} e4 {[%clk 0:22:53]} 26. Rf4
{[%clk 0:25:22]} Nxg5 {[%clk 0:19:08]} 27. Qd4 {[%clk 0:22:32]} Qe7
{[%clk 0:18:04]} 28. Nxe4 {[%clk 0:22:29]} Rh5 {[%clk 0:13:55]} 29. Qd1
{[%clk 0:18:34]} O-O-O {[%clk 0:07:36]} 30. Qa4 {[%clk 0:18:24]} 1-0

[Event "World Chess Olympiad 2018"]
[Site "Batumi"]
[Date "2018.09.27"]
[Round "4"]
[Board "2"]
[WhiteFideId "8602425"]
[White "Gong Qianyun"]
[BlackFideId "916811"]
[Black "Solak Dragan"]
[Result "1/2-1/2"]
[LiveChessVersion "1.4.8"]
[BlackElo "2609"]
[WhiteElo "2321"]

1. e4 {[%clk 1:30:56]} c6 {[%clk 1:30:55]} 2. d4 {[%clk 1:30:46]} d5
{[%clk 1:31:20]} 3. exd5 {[%clk 1:31:04]} cxd5 {[%clk 1:31:45]} 4. Bd3
{[%clk 1:31:30]} Nc6 {[%clk 1:31:56]} 5. c3 {[%clk 1:31:55]} Nf6 {[%clk 1:32:19]}
6. Bf4 {[%clk 1:30:08]} g6 {[%clk 1:32:34]} 7. Nf3 {[%clk 1:29:22]} Bf5
{[%clk 1:32:22]} 8. Bxf5 {[%clk 1:24:49]} gxf5 {[%clk 1:32:48]} 9. Ne5
{[%clk 1:25:11]} e6 {[%clk 1:30:46]} 10. Nxc6 {[%clk 1:17:06]} bxc6
{[%clk 1:31:10]} 11. Be5 {[%clk 1:17:29]} Bd6 {[%clk 1:13:01]} 12. Qa4
{[%clk 1:13:21]} Bxe5 {[%clk 1:13:18]} 13. Qxc6+ {[%clk 1:13:00]} Nd7
{[%clk 1:10:22]} 14. dxe5 {[%clk 1:13:19]} Qb8 {[%clk 1:08:29]} 15. O-O
{[%clk 0:59:53]} Ke7 {[%clk 1:08:29]} 16. c4 {[%clk 0:58:54]} Nxe5
{[%clk 0:35:24]} 17. Qc5+ {[%clk 0:58:27]} Qd6 {[%clk 0:35:47]} 18. Qxd6+
{[%clk 0:58:27]} Kxd6 {[%clk 0:36:13]} 19. cxd5 {[%clk 0:58:52]} Kxd5
{[%clk 0:36:18]} 20. Nc3+ {[%clk 0:56:02]} Kc6 {[%clk 0:36:17]} 21. Rac1
{[%clk 0:47:05]} Nd3 {[%clk 0:36:26]} 22. Rc2 {[%clk 0:47:27]} Nb4
{[%clk 0:31:16]} 23. Rcc1 {[%clk 0:47:45]} Nd3 {[%clk 0:29:38]} 24. Rc2
{[%clk 0:48:09]} Nb4 {[%clk 0:28:40]} 25. Rcc1 {[%clk 0:48:35]} Rhd8
{[%clk 0:26:06]} 26. Rfd1 {[%clk 0:29:58]} Rxd1+ {[%clk 0:26:21]} 27. Rxd1
{[%clk 0:30:12]} Rb8 {[%clk 0:24:13]} 28. a3 {[%clk 0:25:14]} Na6
{[%clk 0:12:12]} 29. b4 {[%clk 0:24:57]} Nc7 {[%clk 0:12:36]} 30. Rd4
{[%clk 0:19:57]} Nb5 {[%clk 0:08:40]} 31. Nxb5 {[%clk 0:14:49]} Rxb5
{[%clk 0:08:57]} 1/2-1/2

[Event "World Chess Olympiad 2018"]
[Site "Batumi"]
[Date "2018.09.27"]
[Round "4"]
[Board "3"]
[WhiteFideId "6302181"]
[White "Can Emre"]
[BlackFideId "5804167"]
[Black "Lee Qing Aun"]
[Result "1-0"]
[LiveChessVersion "1.4.8"]
[BlackElo "2297"]
[WhiteElo "2588"]

1. d4 {[%clk 1:30:54]} Nf6 {[%clk 1:30:06]} 2. Nf3 {[%clk 1:31:00]} e6
{[%clk 1:30:05]} 3. c4 {[%clk 1:30:26]} c5 {[%clk 1:29:59]} 4. d5
{[%clk 1:29:51]} b5 {[%clk 1:29:49]} 5. dxe6 {[%clk 1:26:59]} fxe6
{[%clk 1:29:59]} 6. cxb5 {[%clk 1:27:02]} a6 {[%clk 1:29:58]} 7. bxa6
{[%clk 1:25:41]} Bxa6 {[%clk 1:30:00]} 8. g3 {[%clk 1:22:26]} d5 {[%clk 1:26:27]}
9. Bh3 {[%clk 1:20:07]} Bc8 {[%clk 1:16:01]} 10. O-O {[%clk 1:17:51]} Nc6
{[%clk 1:15:52]} 11. Nbd2 {[%clk 1:12:56]} Bd6 {[%clk 1:13:09]} 12. b3
{[%clk 1:08:24]} O-O {[%clk 1:10:47]} 13. Bb2 {[%clk 1:07:39]} Qe7
{[%clk 0:59:16]} 14. e4 {[%clk 0:58:43]} Nxe4 {[%clk 0:52:25]} 15. Nxe4
{[%clk 0:58:30]} dxe4 {[%clk 0:52:53]} 16. Nd2 {[%clk 0:57:21]} Be5
{[%clk 0:51:32]} 17. Bxe5 {[%clk 0:48:30]} Nxe5 {[%clk 0:51:54]} 18. Qh5
{[%clk 0:48:09]} Rf5 {[%clk 0:39:56]} 19. Bxf5 {[%clk 0:42:03]} exf5
{[%clk 0:40:24]} 20. f4 {[%clk 0:37:29]} Ng4 {[%clk 0:37:28]} 21. h3
{[%clk 0:34:43]} Ne3 {[%clk 0:33:44]} 22. Rfc1 {[%clk 0:32:16]} Ba6
{[%clk 0:33:16]} 23. Nc4 {[%clk 0:29:25]} Bxc4 {[%clk 0:23:07]} 24. bxc4
{[%clk 0:29:52]} Qd8 {[%clk 0:23:20]} 25. Qe2 {[%clk 0:27:43]} Qd4
{[%clk 0:19:35]} 26. Kh2 {[%clk 0:20:08]} Ra6 {[%clk 0:06:31]} 27. a4
{[%clk 0:15:51]} Rh6 {[%clk 0:06:41]} 28. Ra3 {[%clk 0:13:58]} Ng4+
{[%clk 0:07:10]} 29. Kg2 {[%clk 0:14:19]} e3 {[%clk 0:07:36]} 30. Ra2
{[%clk 0:12:08]} Nf2 {[%clk 0:07:07]} 31. Qf3 {[%clk 0:11:15]} Ne4
{[%clk 0:04:31]} 32. a5 {[%clk 0:11:22]} Ra6 {[%clk 0:04:10]} 33. Rd1
{[%clk 0:09:24]} Qxc4 {[%clk 0:03:12]} 34. Rd8+ {[%clk 0:09:02]} Kf7
{[%clk 0:03:41]} 35. Rb2 {[%clk 0:06:46]} Ke7 {[%clk 0:03:09]} 36. Rdb8
{[%clk 0:05:50]} Rxa5 {[%clk 0:03:00]} 37. R8b7+ {[%clk 0:05:16]} Kf8
{[%clk 0:02:18]} 38. Rb8+ {[%clk 0:02:28]} Ke7 {[%clk 0:02:47]} 39. R8b7+
{[%clk 0:02:50]} Kf8 {[%clk 0:03:16]} 40. Qxe3 {[%clk 0:31:18]} Ra1
{[%clk 0:32:16]} 41. Qe2 {[%clk 0:29:32]} Qd5 {[%clk 0:16:54]} 42. Rb8+
{[%clk 0:21:36]} Kf7 {[%clk 0:12:03]} 43. Qh5+ {[%clk 0:11:46]} Ke6
{[%clk 0:12:26]} 44. Re8+ {[%clk 0:10:19]} Kd7 {[%clk 0:12:48]} 45. Re5
{[%clk 0:10:30]} Rg1+ {[%clk 0:13:11]} 46. Kh2 {[%clk 0:10:55]} Rh1+
{[%clk 0:12:29]} 47. Kxh1 {[%clk 0:11:18]} Qxe5 {[%clk 0:12:49]} 48. Qf7+
{[%clk 0:11:33]} 1-0

[Event "World Chess Olympiad 2018"]
[Site "Batumi"]
[Date "2018.09.27"]
[Round "4"]
[Board "4"]
[WhiteFideId "5804809"]
[White "Lee Jun Wei"]
[BlackFideId "6300545"]
[Black "Sanal Vahap"]
[Result "0-1"]
[LiveChessVersion "1.4.8"]
[BlackElo "2502"]
[WhiteElo "2134"]

1. d4 {[%clk 1:30:55]} Nf6 {[%clk 1:30:38]} 2. c4 {[%clk 1:31:00]} e6
{[%clk 1:30:57]} 3. Nf3 {[%clk 1:30:59]} d5 {[%clk 1:31:11]} 4. Nc3
{[%clk 1:30:40]} c6 {[%clk 1:31:32]} 5. g3 {[%clk 1:29:44]} Be7 {[%clk 1:28:01]}
6. Bg2 {[%clk 1:29:24]} O-O {[%clk 1:28:20]} 7. O-O {[%clk 1:28:56]} Nbd7
{[%clk 1:27:38]} 8. Qd3 {[%clk 1:24:02]} b6 {[%clk 1:27:36]} 9. e4
{[%clk 1:19:18]} Ba6 {[%clk 1:27:23]} 10. b3 {[%clk 1:15:09]} Rc8
{[%clk 1:24:39]} 11. Rd1 {[%clk 1:09:21]} Ne8 {[%clk 1:00:46]} 12. Bb2
{[%clk 0:53:50]} Nd6 {[%clk 0:56:06]} 13. Qe2 {[%clk 0:48:04]} Re8
{[%clk 0:51:57]} 14. Nd2 {[%clk 0:36:45]} Bf8 {[%clk 0:48:25]} 15. Rac1
{[%clk 0:26:06]} c5 {[%clk 0:40:03]} 16. Nf3 {[%clk 0:20:45]} dxc4
{[%clk 0:28:23]} 17. dxc5 {[%clk 0:19:45]} Nxc5 {[%clk 0:17:09]} 18. e5
{[%clk 0:17:31]} cxb3 {[%clk 0:17:31]} 19. Qe1 {[%clk 0:16:19]} Nc4
{[%clk 0:17:03]} 20. Rxd8 {[%clk 0:15:11]} Rexd8 {[%clk 0:17:30]} 21. axb3
{[%clk 0:07:46]} Nd3 {[%clk 0:14:16]} 22. Qe4 {[%clk 0:05:11]} Ncxb2
{[%clk 0:13:23]} 23. Ng5 {[%clk 0:01:47]} g6 {[%clk 0:13:44]} 24. Rc2
{[%clk 0:01:25]} Be7 {[%clk 0:13:22]} 25. Qh4 {[%clk 0:00:41]} h5
{[%clk 0:13:15]} 26. g4 {[%clk 0:00:34]} Nf4 {[%clk 0:12:50]} 27. Bf1
{[%clk 0:00:31]} Bxf1 {[%clk 0:12:43]} 28. Kxf1 {[%clk 0:01:00]} Rxc3 0-1

[Event "World Chess Olympiad 2018"]
[Site "Batumi"]
[Date "2018.09.27"]
[Round "4"]
[Board "1"]
[WhiteFideId "405817"]
[White "Greet Andrew N"]
[BlackFideId "3801497"]
[Black "Cordova Emilio"]
[Result "0-1"]
[LiveChessVersion "1.4.8"]
[BlackElo "2609"]
[WhiteElo "2441"]

1. Nf3 {[%clk 1:30:56]} Nf6 {[%clk 1:30:33]} 2. c4 {[%clk 1:31:14]} c5
{[%clk 1:27:20]} 3. g3 {[%clk 1:30:56]} b6 {[%clk 1:27:40]} 4. Bg2
{[%clk 1:31:19]} Bb7 {[%clk 1:28:06]} 5. O-O {[%clk 1:31:29]} e6 {[%clk 1:26:51]}
6. Nc3 {[%clk 1:31:27]} d6 {[%clk 1:25:11]} 7. Re1 {[%clk 1:31:37]} Be7
{[%clk 1:25:06]} 8. e4 {[%clk 1:31:47]} a6 {[%clk 1:15:23]} 9. d4
{[%clk 1:32:05]} cxd4 {[%clk 1:15:49]} 10. Nxd4 {[%clk 1:32:31]} Qc7
{[%clk 1:15:50]} 11. Be3 {[%clk 1:32:28]} O-O {[%clk 1:15:49]} 12. Rc1
{[%clk 1:32:40]} Nbd7 {[%clk 1:15:49]} 13. f4 {[%clk 1:30:32]} Rac8
{[%clk 1:10:16]} 14. f5 {[%clk 1:20:43]} e5 {[%clk 1:08:56]} 15. Nb3
{[%clk 1:09:15]} Qb8 {[%clk 1:03:53]} 16. Nd5 {[%clk 1:05:38]} Bd8
{[%clk 1:00:05]} 17. g4 {[%clk 0:50:58]} h6 {[%clk 0:58:52]} 18. h3
{[%clk 0:50:04]} Bxd5 {[%clk 0:39:09]} 19. cxd5 {[%clk 0:48:00]} Rxc1
{[%clk 0:33:54]} 20. Nxc1 {[%clk 0:43:26]} b5 {[%clk 0:34:10]} 21. h4
{[%clk 0:41:38]} Nh7 {[%clk 0:31:56]} 22. Bf2 {[%clk 0:41:13]} Bb6
{[%clk 0:31:42]} 23. Qd2 {[%clk 0:36:52]} Rc8 {[%clk 0:29:21]} 24. Nd3
{[%clk 0:35:23]} Bxf2+ {[%clk 0:29:08]} 25. Nxf2 {[%clk 0:27:45]} Qb6
{[%clk 0:22:01]} 26. Rc1 {[%clk 0:23:51]} Rxc1+ {[%clk 0:15:33]} 27. Qxc1
{[%clk 0:24:11]} Nc5 {[%clk 0:15:49]} 28. Qe3 {[%clk 0:17:01]} b4
{[%clk 0:12:41]} 29. Bf3 {[%clk 0:14:18]} Qd8 {[%clk 0:12:42]} 30. h5
{[%clk 0:12:33]} Ng5 {[%clk 0:12:46]} 31. Kg2 {[%clk 0:10:40]} Qa5
{[%clk 0:12:58]} 32. a3 {[%clk 0:10:02]} bxa3 {[%clk 0:13:08]} 33. bxa3
{[%clk 0:09:30]} Qb5 {[%clk 0:13:18]} 34. Nh3 {[%clk 0:07:09]} Qb2+
{[%clk 0:11:26]} 35. Kg3 {[%clk 0:07:18]} Qc3 {[%clk 0:08:42]} 36. Qxc3
{[%clk 0:06:29]} Ngxe4+ {[%clk 0:09:06]} 37. Bxe4 {[%clk 0:05:56]} Nxe4+
{[%clk 0:09:32]} 38. Kf3 {[%clk 0:06:04]} Nxc3 {[%clk 0:09:58]} 39. g5
{[%clk 0:06:08]} hxg5 {[%clk 0:07:20]} 40. Nxg5 {[%clk 0:35:50]} f6
{[%clk 0:37:34]} 41. Ne6 {[%clk 0:34:02]} Nxd5 {[%clk 0:37:57]} 42. a4
{[%clk 0:33:49]} a5 {[%clk 0:37:40]} 43. Nd8 {[%clk 0:33:56]} Nc3
{[%clk 0:37:51]} 44. Nb7 {[%clk 0:34:11]} Nxa4 {[%clk 0:38:05]} 45. Nxa5
{[%clk 0:34:04]} Nc5 {[%clk 0:37:59]} 46. Nc6 {[%clk 0:34:20]} Kh7
{[%clk 0:35:58]} 47. Ne7 {[%clk 0:33:57]} Nd3 {[%clk 0:35:07]} 0-1

[Event "World Chess Olympiad 2018"]
[Site "Batumi"]
[Date "2018.09.27"]
[Round "4"]
[Board "2"]
[WhiteFideId "3804623"]
[White "Vera Siguenas Deivy"]
[BlackFideId "2401878"]
[Black "Tate Alan"]
[Result "1-0"]
[LiveChessVersion "1.4.8"]
[BlackElo "2345"]
[WhiteElo "2494"]

1. e4 {[%clk 1:30:57]} g6 {[%clk 1:30:41]} 2. d4 {[%clk 1:31:23]} Bg7
{[%clk 1:31:06]} 3. Nc3 {[%clk 1:31:50]} d6 {[%clk 1:31:25]} 4. f4
{[%clk 1:32:06]} Nf6 {[%clk 1:31:34]} 5. Nf3 {[%clk 1:32:29]} O-O
{[%clk 1:31:22]} 6. Bd3 {[%clk 1:32:45]} Nc6 {[%clk 1:31:28]} 7. e5
{[%clk 1:32:53]} dxe5 {[%clk 1:31:38]} 8. fxe5 {[%clk 1:33:17]} Nh5
{[%clk 1:31:36]} 9. Be3 {[%clk 1:32:58]} Bg4 {[%clk 1:28:34]} 10. Be2
{[%clk 1:32:58]} f6 {[%clk 1:28:34]} 11. exf6 {[%clk 1:33:12]} exf6
{[%clk 1:28:27]} 12. O-O {[%clk 1:33:11]} Ne7 {[%clk 1:06:42]} 13. Bc4+
{[%clk 1:21:16]} Kh8 {[%clk 1:07:06]} 14. h3 {[%clk 1:21:03]} Nf5
{[%clk 1:01:53]} 15. Bf2 {[%clk 1:21:17]} Bxf3 {[%clk 1:02:00]} 16. Qxf3
{[%clk 1:21:42]} Nd6 {[%clk 0:47:44]} 17. Be6 {[%clk 1:13:03]} f5
{[%clk 0:45:39]} 18. Rfe1 {[%clk 0:54:05]} Ne4 {[%clk 0:38:46]} 19. Rad1
{[%clk 0:53:26]} Nxf2 {[%clk 0:37:01]} 20. Qxf2 {[%clk 0:53:51]} Qd6
{[%clk 0:33:19]} 21. Nb5 {[%clk 0:40:17]} Qb6 {[%clk 0:33:39]} 22. Bc4
{[%clk 0:39:30]} a6 {[%clk 0:29:34]} 23. Re6 {[%clk 0:39:36]} Qa5
{[%clk 0:30:02]} 24. Na3 {[%clk 0:39:10]} Rae8 {[%clk 0:20:11]} 25. Rxe8
{[%clk 0:36:06]} Rxe8 {[%clk 0:20:39]} 26. Bf7 {[%clk 0:35:32]} Re7
{[%clk 0:18:08]} 27. Bb3 {[%clk 0:35:56]} f4 {[%clk 0:12:53]} 28. d5
{[%clk 0:33:45]} b5 {[%clk 0:11:55]} 29. c3 {[%clk 0:33:48]} Ng3 {[%clk 0:10:17]}
30. Qc5 {[%clk 0:25:00]} Bf8 {[%clk 0:08:02]} 31. d6 {[%clk 0:19:36]} cxd6
{[%clk 0:07:41]} 32. Qd5 {[%clk 0:19:43]} Qb6+ {[%clk 0:07:21]} 33. Kh2
{[%clk 0:20:00]} Rg7 {[%clk 0:07:08]} 34. Qa8 {[%clk 0:18:17]} Rg8
{[%clk 0:06:57]} 35. Bxg8 {[%clk 0:17:30]} Kxg8 {[%clk 0:07:19]} 36. Qf3
{[%clk 0:16:31]} Nf5 {[%clk 0:05:34]} 37. Nc2 {[%clk 0:16:17]} Bg7
{[%clk 0:05:23]} 38. Nb4 {[%clk 0:14:20]} Be5 {[%clk 0:05:25]} 39. Nd3
{[%clk 0:12:35]} Ne3 {[%clk 0:02:42]} 40. Nxe5 {[%clk 0:42:44]} dxe5
{[%clk 0:30:32]} 41. Rd7 {[%clk 0:39:55]} e4 {[%clk 0:28:01]} 42. Qxf4
{[%clk 0:40:14]} 1-0

[Event "World Chess Olympiad 2018"]
[Site "Batumi"]
[Date "2018.09.27"]
[Round "4"]
[Board "3"]
[WhiteFideId "2403757"]
[White "Abdulla Murad"]
[BlackFideId "3805662"]
[Black "Martinez Alcantara Jose Eduardo"]
[Result "0-1"]
[LiveChessVersion "1.4.8"]
[BlackElo "2565"]
[WhiteElo "2292"]

1. e4 {[%clk 1:30:38]} c5 {[%clk 1:30:55]} 2. Nf3 {[%clk 1:30:57]} d6
{[%clk 1:31:22]} 3. d4 {[%clk 1:31:00]} Nf6 {[%clk 1:31:47]} 4. Nc3
{[%clk 1:31:19]} cxd4 {[%clk 1:32:13]} 5. Nxd4 {[%clk 1:31:39]} a6
{[%clk 1:32:35]} 6. h3 {[%clk 1:31:58]} e5 {[%clk 1:31:55]} 7. Nde2
{[%clk 1:32:10]} h5 {[%clk 1:31:37]} 8. g3 {[%clk 1:32:24]} Be7 {[%clk 1:29:14]}
9. Bg2 {[%clk 1:32:31]} b5 {[%clk 1:28:33]} 10. a4 {[%clk 1:27:15]} b4
{[%clk 1:28:51]} 11. Nd5 {[%clk 1:27:29]} Nxd5 {[%clk 1:29:04]} 12. Qxd5
{[%clk 1:24:49]} Ra7 {[%clk 1:28:45]} 13. Be3 {[%clk 1:24:26]} Be6
{[%clk 1:28:46]} 14. Qd3 {[%clk 1:20:33]} Rb7 {[%clk 1:22:21]} 15. O-O
{[%clk 1:04:35]} Qc8 {[%clk 1:21:54]} 16. Kh2 {[%clk 1:04:50]} Rc7
{[%clk 1:14:29]} 17. Rac1 {[%clk 0:58:47]} Nd7 {[%clk 1:13:18]} 18. b3
{[%clk 0:56:41]} Nc5 {[%clk 1:07:33]} 19. Bxc5 {[%clk 0:48:02]} dxc5
{[%clk 1:04:40]} 20. c4 {[%clk 0:44:47]} Rd7 {[%clk 1:01:30]} 21. Qc2
{[%clk 0:43:45]} h4 {[%clk 1:01:52]} 22. g4 {[%clk 0:38:45]} O-O {[%clk 1:01:49]}
23. Rcd1 {[%clk 0:26:53]} Rfd8 {[%clk 1:01:55]} 24. Nc1 {[%clk 0:26:10]} Bg5
{[%clk 1:01:24]} 25. Nd3 {[%clk 0:25:43]} Rd4 {[%clk 1:01:01]} 26. Bf3
{[%clk 0:19:54]} Qc7 {[%clk 1:01:26]} 27. Kg1 {[%clk 0:13:20]} g6
{[%clk 1:01:40]} 28. Nb2 {[%clk 0:11:39]} Bd2 {[%clk 1:01:05]} 29. Be2
{[%clk 0:08:51]} Qd6 {[%clk 1:01:18]} 30. Kg2 {[%clk 0:05:58]} Bc8
{[%clk 1:00:51]} 31. Nd3 {[%clk 0:03:56]} Rxd3 {[%clk 0:54:06]} 32. Bxd3
{[%clk 0:04:07]} Qxd3 {[%clk 0:54:31]} 33. Qxd3 {[%clk 0:04:19]} Rxd3
{[%clk 0:54:57]} 34. f3 {[%clk 0:04:29]} Rd4 {[%clk 0:55:19]} 35. Kf2
{[%clk 0:04:32]} f5 {[%clk 0:54:58]} 36. Ke2 {[%clk 0:04:42]} Bf4
{[%clk 0:55:19]} 37. Rxd4 {[%clk 0:01:38]} exd4 {[%clk 0:55:43]} 38. exf5
{[%clk 0:00:35]} gxf5 {[%clk 0:56:04]} 39. Kd3 {[%clk 0:00:35]} Kf7
{[%clk 0:55:59]} 40. Rf2 {[%clk 0:30:34]} Bg3 {[%clk 1:24:32]} 41. Rf1
{[%clk 0:26:05]} Kg6 {[%clk 1:24:46]} 0-1